Statistics for Places that End in Y

Click here to take the quiz!

General Stats

  • This quiz has been taken 19 times
  • The average score is 17 of 33

Answer Stats

Type of PlaceHintAnswer% Correct
CountryLargest economy in Europe.Germany
94%
CountryCapital is Oslo.Norway
94%
CountryMediterranean country split between Europe and Asia.Turkey
94%
CountryBordered by Argentina and BrazilUruguay
88%
CountrySmallest country in the World.Vatican City
88%
CountryFormerly joined with Austria.Hungary
76%
CountryLandlocked South American republic.Paraguay
76%
CityAlso known as SaigonHo Chi Minh City
71%
CityLargest city in North America.Mexico City
71%
CityMost populous urban area in Central AmericaGuatemala City
59%
CityCapital of NigerNiamey
59%
CityCity in Central America, or city in Florida.Panama City
59%
CityCapital of Papua New GuineaPort Moresby
59%
CityCity founded by Brigham Young and his followers.Salt Lake City
59%
CityKnown for its opera house.Sydney
59%
CityCapital of GuineaConakry
53%
CityHome of the Packers.Green Bay
53%
StateCapital is Trenton.New Jersey
53%
CountryMostly located on a European Peninsula.Italy
47%
CityTechnically larger than Manila.Quezon City
47%
CityBiggest city in Missouri.Kansas City
41%
CityVery French city in Canada.Quebec City
41%
City2018 and 2019 winner of most livable city in North AmericaCalgary
35%
CityRust belt city of Indiana.Gary
35%
CityCapital of Neuvo Leon.Monterrey
35%
CityImportant to the Civil Rights Movement.Montgomery
35%
CityHome of NBA team "Thunder".Oklahoma City
35%
CityLocated on the San Francisco BayBerkeley
29%
StateOfficially a Commonwealth.Kentucky
24%
CityCity in Grand EstNancy
24%
CityPart of the New York metro area.Jersey City
18%
CityCentral Sri Lankan city.Kandy
12%
CityCapital of Anguilla.The Valley
12%

Score Distribution

Percentile by Number Answered

Percent of People with Each Score

Your Score History

You have not taken this quiz